| 000 | 00712nas a2200229 4500 | ||
|---|---|---|---|
| 001 | BR2010004918 | ||
| 003 | BR-BrBNA | ||
| 005 | 20231205114314.0 | ||
| 007 | ta | ||
| 008 | 230509b bl.|||p| |||| 00| 00por d | ||
| 040 |
_aBR-BrBNA _bpor _cBiblioteca Nacional de Agricultura |
||
| 041 | _a(En) | ||
| 072 | _aK50 | ||
| 100 | 1 | _aBotoletto Júnior, G. | |
| 245 | 1 | _aEffects of ply grading and assembly on the properties of plywood panels from Pinus merkusii | |
| 650 | _aPINHEIRO | ||
| 650 | _aCOMPENSADO | ||
| 650 | _aINDUSTRIA FLORESTAL | ||
| 773 | 0 |
_tCerne (Brazil) _xISSN 0104-7760 _g(Apr-Jun 2010), v. 16(2) p. 145-153 _wBR2010004918 |
|
| 909 |
_a202311 _bLúcia _c55 _dLúcia Elande |
||
| 942 |
_2AGRIS _n0 _cANA |
||
| 999 |
_c208134 _d208134 |
||